| 000 | 00745nam a22002297a 4500 | ||
|---|---|---|---|
| 003 | OSt | ||
| 005 | 20260514122937.0 | ||
| 008 | 260514b |||||||| |||| 00| 0 eng d | ||
| 020 | _a9789811981128 | ||
| 040 | _cIN-NITTTR | ||
| 082 |
_a630.285 _bA285I |
||
| 245 |
_aIoT and AI in Agriculture _bSelf-sufficiency in Food Production to Achieve Society 5.0 and SDG's Globally/ _cEdited by Tofael Ahamed |
||
| 260 |
_aSingapore. _bSpringer Nature Singapore Pte Ltd. _c2023 |
||
| 300 | _axvii, 461 p. | ||
| 650 | _aInternet of Things (IoT) | ||
| 650 | _aArtificial Intelligence in Agriculture | ||
| 650 | _aSmart Agriculture | ||
| 650 | _aPrecision Farming | ||
| 650 | _aFood Production | ||
| 700 |
_a Ahamed, Tofael _eEd. |
||
| 942 |
_2ddc _cBK _n0 |
||
| 999 |
_c33450 _d33450 |
||